Responses for Show #1720 - Friday, February 7, 1992

Frank Epstein game 3.

Contestants

[<< previous game]

Patty McKelvey, a library page from San Diego, California

Bruce Pelkey, a history professor from Fillmore, California

Frank Epstein, a police officer from Los Angeles, California (whose 2-day cash winnings total $26,300)

[next game >>]

Jeopardy! Round responses

COMPLETES THE PLAY TITLE
U.S. GOVERNMENT
MOVIE QUOTES
WORLD CAPITALS
GOING TO EXTREMES
WILD ABOUT HARRY
    $100 19
Dark

Patty
    $100 11
veto

Frank
    $100 1
Citizen Kane

Patty
    $100 2
Paris

Patty
    $100 3
the Pentagon

Bruce
    $100 20
Houdini

Bruce
    $200 23
Fan

Patty
    $200 12
the Census Bureau

Patty
    $200 7
On the Waterfront

Bruce
    $200 4
Peking

Patty
    $200 13
the Moon

Frank
    $200 27
Harry Hamlin

Patty
    $300 24
(Alex: A play that was on Broadway not too long ago...)

Plow

Triple Stumper
    $300 18
petit

Bruce
    $300 8
Sunset Boulevard

Bruce
    $300 5
Phnom Penh

Frank
    $300 14
Sequoia National Park

Frank
    $300 28
Debbie Harry

Frank
    $400 25
Teeth

Frank
    $400 21
the Defense Department

Bruce
    $400 9
The Maltese Falcon

Bruce
    $400 6
Sofia

Bruce
    $400 15
Saudi Arabia

Frank
    $400 29
Harry James

Frank
    $500 26
Slapped

Triple Stumper
    $500 22
treason (or bribery)

Bruce
    $500 10
Seven Brides for Seven Brothers

Patty
    $1,300 16
Wellington

Frank
    $500 17
South America

Frank
    $500 30
(Patt: Who is The Third Man?)
(Alex: I need the name.)
(Patty: [No response])
...
(Alex: Who was The Third Man, but since this is WILD ABOUT HARRY we would like you to come up with the individual's name.)

Harry Lime

BrucePatty

Scores at the first commercial break (after clue 15):

Frank Bruce Patty
$1,300 $1,400 $1,100

Scores at the end of the Jeopardy! Round:

Frank Bruce Patty
$4,200 $3,200 $1,100

Double Jeopardy! Round responses

FAMOUS AMERICANS
TRAVEL & TOURISM
THE QUEEN'S ENGLISH
RELIGION
FICTION
THE MIDDLE AGES
    $200 12
Eisenhower

Bruce
    $200 10
Germany the Sunshine State

Frank
    $200 6
a diaper

Patty
    $200 21
holy water

Frank
    $200 17
Gore Vidal

Patty
    $200 1
Lady Godiva

Frank
    $400 13
Eric Heiden

Patty
    $400 27
El Dorado

Patty
    $400 7
the battery

Frank
    $400 22
Judaism

Patty
    $2,200 18
Atlanta

Patty
    $400 2
(Bruce: What is St. Petersburg?)

Moscow

BrucePatty
    $600 14
Davy Crockett

Patty
    $600 28
Westminster

Bruce
    $600 8
p.m. (afternoon)

Frank
    $600 23
Jehovah's Witnesses

Frank
    $600 19
Wakefield

Patty
    $600 3
Genghis Khan

Patty
    $800 15
(Patty: Who is Nunn?)

Newt Gingrich

Patty
Triple Stumper
    $800 29
Malta

Frank
    $800 9
baseball

Bruce
    $800 24
Joseph Smith

Patty
    $800 20
(Bruce: Who is Melville?)

James Fenimore Cooper

FrankBruce
    $800 4
(King) John

Frank
    $1,500 16
Oppenheimer

Patty
    $1000 30
Macao

Frank
    $1000 11
eat

Frank
    $1000 26
Buddhism

Patty
    $1000 25
(Frank: What is Argentinian?)
(Bruce: What is German?)

Spanish

FrankBruce
Triple Stumper
    $1000 5
Avignon

Frank

Scores at the end of the Double Jeopardy! Round:

Frank Bruce Patty
$10,800 $2,600 $9,600

[wagering suggestions for these scores]

Final Jeopardy! Round responses

THE CIVIL WAR
BruceWhat was Lexington
$2,599
PattyWhat is Austin? T[partial A]
$7,100
FrankWhat is Tallhassee
$10,000
Tallahassee, Florida

Final scores:

Frank Bruce Patty
$20,800 $1 $2,500
3-day champion: $47,100 3rd place: Astral crystalware + Nintendo Entertainment System with Super Jeopardy! & Wheel of Fortune + InfoGenius for Game Boy 2nd place: Panasonic HP600 cellular phone + Sierra fireplace

Game dynamics:

Coryat scores:

Frank Bruce Patty
$10,000 $2,600 $7,300
22 R
(including 1 DD),
1 W
13 R,
3 W
21 R
(including 2 DDs),
2 W

Combined Coryat: $19,900

[game clues] [game scores] [suggest correction]

Game tape date: 1991-11-13
The J! Archive is created by fans, for fans. Scraping, republication, monetization, and malicious use prohibited; this site may use cookies and collect identifying information. See terms. The Jeopardy! game show and all elements thereof, including but not limited to copyright and trademark thereto, are the property of Jeopardy Productions, Inc. and are protected under law. This website is not affiliated with, sponsored by, or operated by Jeopardy Productions, Inc. Join the discussion at JBoard.tv.